Top 10 au coefficient UEFA - Statistiques

Statistiques générales
  • Ce quiz a été pris 128 fois
  • Le résultat moyen est 94 sur 100
Statistiques - réponses
Saison Classement Pays % Correct
2025/26 3 Espagne
100%
2024/25 3 Espagne
100%
2023/24 3 Espagne
100%
2022/23 2 Espagne
100%
2021/22 2 Espagne
100%
2020/21 2 Espagne
100%
2019/20 1 Espagne
100%
2018/19 1 Espagne
100%
2017/18 1 Espagne
100%
2016/17 1 Espagne
100%
2025/26 5 France
100%
2024/25 5 France
100%
2023/24 5 France
100%
2022/23 5 France
100%
2021/22 5 France
100%
2020/21 5 France
100%
2019/20 5 France
100%
2018/19 5 France
100%
2017/18 5 France
100%
2016/17 5 France
100%
2025/26 2 Italie
100%
2024/25 2 Italie
100%
2023/24 2 Italie
100%
2022/23 4 Italie
100%
2021/22 3 Italie
100%
2020/21 3 Italie
100%
2019/20 4 Italie
100%
2018/19 3 Italie
100%
2017/18 3 Italie
100%
2016/17 4 Italie
100%
2025/26 4 Allemagne
99%
2024/25 4 Allemagne
99%
2023/24 4 Allemagne
99%
2022/23 3 Allemagne
99%
2021/22 4 Allemagne
99%
2020/21 4 Allemagne
99%
2019/20 3 Allemagne
99%
2018/19 4 Allemagne
99%
2017/18 4 Allemagne
99%
2016/17 2 Allemagne
99%
2025/26 1 Angleterre
99%
2024/25 1 Angleterre
99%
2023/24 1 Angleterre
99%
2022/23 1 Angleterre
99%
2021/22 1 Angleterre
99%
2020/21 1 Angleterre
99%
2019/20 2 Angleterre
99%
2018/19 2 Angleterre
99%
2017/18 2 Angleterre
99%
2016/17 3 Angleterre
99%
2025/26 6 Portugal
98%
2024/25 7 Portugal
98%
2023/24 7 Portugal
98%
2022/23 7 Portugal
98%
2021/22 6 Portugal
98%
2020/21 6 Portugal
98%
2019/20 6 Portugal
98%
2018/19 7 Portugal
98%
2017/18 7 Portugal
98%
2016/17 7 Portugal
98%
2025/26 7 Pays-Bas
96%
2024/25 6 Pays-Bas
96%
2023/24 6 Pays-Bas
96%
2022/23 6 Pays-Bas
96%
2021/22 7 Pays-Bas
96%
2020/21 7 Pays-Bas
96%
2019/20 10 Pays-Bas
96%
2025/26 8 Belgique
95%
2024/25 8 Belgique
95%
2023/24 8 Belgique
95%
2022/23 8 Belgique
95%
2020/21 9 Belgique
95%
2019/20 8 Belgique
95%
2018/19 8 Belgique
95%
2017/18 9 Belgique
95%
2016/17 9 Belgique
95%
2021/22 10 Russie
87%
2020/21 8 Russie
87%
2019/20 7 Russie
87%
2018/19 6 Russie
87%
2017/18 6 Russie
87%
2016/17 6 Russie
87%
2025/26 9 Turquie
83%
2024/25 10 Turquie
83%
2023/24 9 Turquie
83%
2018/19 10 Turquie
83%
2017/18 10 Turquie
83%
2016/17 10 Turquie
83%
2022/23 10 Autriche
77%
2021/22 8 Autriche
77%
2020/21 10 Autriche
77%
2019/20 9 Ukraine
76%
2018/19 9 Ukraine
76%
2017/18 8 Ukraine
76%
2016/17 8 Ukraine
76%
2022/23 9 Écosse
70%
2021/22 9 Écosse
70%
2025/26 10 Tchéquie
61%
2024/25 9 Tchéquie
61%
2023/24 10 Tchéquie
61%
Aucun quiz correspondant
Distribution des résultats
% des personnes avec chaque résultat
Percentile par nombre de réponses
Votre historique - résultats
Vous n’avez pas pris ce quiz